000
00275nam a2200121Ia 4500
008
190216s9999||||xx |||||||||||||| ||und||
100
_a
Terrence Jacob
245
4
_a
The Red Pony
260
_b
University Of Calicut
_c
1994
300
_a
136p
650
_a
Novel
942
_c
BK
999
_c
13813
_d
13813